header

Corporate social responsibility, governance and corporate reputation (Record no. 126822)

MARC details
000 -LEADER
fixed length control field 01904nam a2200373 a 4500
082 04 - DEWEY DECIMAL CLASSIFICATION NUMBER
Classification number 658.4/7
100 1# - MAIN ENTRY--AUTHOR NAME
Personal name Gottschalk, Petter,
245 10 - TITLE STATEMENT
Title Corporate social responsibility, governance and corporate reputation
260 ## - PUBLICATION, DISTRIBUTION, ETC. (IMPRINT)
Place of publication Hackensack, N.J. :
Name of publisher World Scientific,
Year of publication c2011.
300 ## - PHYSICAL DESCRIPTION
Number of Pages x, 199 p. :
Other physical details ill.
520 ## - SUMMARY, ETC.
Summary, etc "Expounds on the nature of white-collar crime and examines its relationship with corporate social responsibility, governance and corporate reputation. Presents different approaches for repairing damaged corporate reputations; explains how internal governance and investigations can be conducted. Discusses stages in corporate social responsibility and underscores knowledge management as an imperative tool to combat white-collar crime and build corporate reputation"--Provided by publisher.
650 #0 - SUBJECT ADDED ENTRY--TOPICAL TERM
Topical Term Corporations
Topical Term White collar crimes.
Topical Term Social responsibility of business.
Topical Term Corporate governance.
Topical Term Corporations
856 40 - ELECTRONIC LOCATION AND ACCESS
Uniform Resource Identifier http://site.ebrary.com/lib/rucke/Doc?id=10493514

No items available.

© 2026 Rongo University
Contact us: librarian | system librarian | Rongo university